00546nam a2200169 450000500170000001000150001702000270003203500140005903700090007308200120008224501150009426000270020927000630023630000200029970000280031970000290034720250124122456.0 aENG-143576 a9789386088963c1000.00 aEN-127108 bDBAD a339.972 aSocio Economic Survey Before 19th century of North East India/cEdited by l. Basanti Devi [and] Th. Asha Sinha aDelhibABS Booksc2019 aB-21,ved and Shiv colony,Budh Vihar Phase-2bDelhie110086 a186p.c24cm(Hb) al. Basanti DevieEditor aSinha, Th. Asha eEditor